Most Important World Leaders in 2022 - Statistics

General Stats
  • This quiz has been taken 1,109 times
    1,070 since last reset
  • The average score is 14 of 40
Answer Stats
Picture Answer % Correct
Joe Biden
100%
Vladimir Putin
98%
Justin Trudeau
91%
Emmanuel Macron
89%
Kim Jong Un
88%
Xi Jinping
82%
Volodymyr Zelensky
71%
Rishi Sunak
64%
Narenda Modi
62%
Recip Tayyip Erdogan
62%
Benjamin Netanyahu
58%
Lula Da Silva
55%
Olaf Scholz
52%
Bashar al-Assad
45%
Victor Orban
36%
Jacinda Ardern
33%
Mohammed Bin Salman
33%
Giorgia Meloni
29%
Ali Khamenei
24%
Mark Rutte
22%
Sanna Marin
22%
Abdel Fattah el-Sisi
18%
Andrzej Duda
15%
Fumio Kishida
14%
Anthony Albanese
13%
Pedro Sanchez
13%
Joko Widodo
12%
Andres Lopez Obrador
11%
Cyril Ramaphosa
10%
Ilham Aliyev
9%
Tsai Ing-wen
7%
Muhammadu Buhari
5%
Tamim bin Al Thani
5%
Yoon Suk Yeol
5%
Ulf Kristersson
4%
Lee Hsien Loong
3%
Mohammed Al Nahyan
3%
Alain Berset
2%
William Ruto
2%
Arif Alvi
1%
No matching quizzes found
Score Distribution
Percent of People with Each Score
Percentile by Number Answered
Your Score History
You have not taken this quiz since the last reset